000 00964nam a22002057a 4500
005 20250716155142.0
008 250716b |||||||| |||| 00| 0 eng d
037 _cTB
040 _aCRL
_cCRL
041 _2hin
_ahin
084 _aO1520m35,1:g M4
_qCRL
100 _aरेड्डी, तक्कोलु माचि
_9815785
245 _aहिन्दी और तेलुगु की आधुनिक कविता में बिम्ब - विधान
260 _aआंध्र प्रदेश, भारत:
_bप्रगतिशील लेखक संघ,
_c1984.
300 _a213पृ.
650 _aहिन्दी कविता
650 _aतेलुगु कविता
_9815786
942 _2CC
_cTB
_hO1520m35,1:g M4
_n0
999 _c1433700
_d1433700